000 00375 a2200133 4500
005 20250526133211.0
020 _a9966-46-295-3
082 _aLECT 651.3 GIC
100 _aGICHIRA, R. N.
245 _aA text-book of office practice and Organization.
260 _aNairobi,
_bHeinemann,
_c1985.
300 _axi, 291p.: ill.; picture, table,
_bIndex,
_c21cm.
942 _2ddc
_cBKS
999 _c2669
_d2669